Aplikácia metódy ABC v skladovom hospodárstve diplomová práca

Enregistré dans:
Détails bibliographiques
Auteur principal: Gogová, Natália
Collectivité auteur: Fakulta podnikového manažmentu EU. Katedra manažmentu výroby a logistiky - zrušená
Autres auteurs: Rakovská, Júlia, 1972-
Format: Livre
Langue:slovaque
Publié: Bratislava 2022
Tags: Ajouter un tag
Pas de tags, Soyez le premier à ajouter un tag!

MARC

LEADER 00000nbm a2200000 4500
001 0285621
005 20230331085422.9
041 0 |a slo 
044 |a SK 
245 1 0 |a Aplikácia metódy ABC v skladovom hospodárstve  |b diplomová práca  |c Natália Gogová ; školiteľ: Júlia Rakovská 
264 1 |a Bratislava  |c 2022 
300 |a 68 s. 
100 1 |a Gogová, Natália 
700 1 |a Rakovská, Júlia, 1972- 
710 2 |a Fakulta podnikového manažmentu EU. Katedra manažmentu výroby a logistiky - zrušená